000 00415nam a2200169Ia 4500
005 20250423101117.0
008 250422s9999 xx 000 0 und d
020 _a1-932099-74-3
050 _aBP 190.5 .T47 I7513/
245 0 _aTerror and suicide attacks : an Islamic perspective
260 _aSomerset, N.J.
260 _bLight, Inc.
260 _c2006
300 _a155 p
650 _aIslam
942 _cBK
999 _c35317
_d35317